[Event "MVP-ch Seniors op 16th"]
[Site "Binz"]
[Date "2016.11.30"]
[Round "8.61"]
[White "Kverndal, Leif"]
[Black "Rehder, Andrea"]
[Result "1/2-1/2"]
[WhiteElo "1833"]
[BlackElo "1714"]
[PlyCount "65"]
[EventDate "2016.11.23"]
[EventType "swiss"]
[EventRounds "9"]
[EventCountry "GER"]
[SourceTitle "EXT 2018"]
[Source "ChessBase"]
[SourceDate "2017.10.13"]
[SourceVersion "1"]
[SourceVersionDate "2017.10.13"]
[SourceQuality "1"]

1. Nf3 Nf6 2. d4 g6 3. g3 Bg7 4. Bg2 0-0 5. c4 d5 6. b3 c5 7. e3 cxd4 8. exd4 Nc6 9. Bb2 Bg4 10. h3 Bf5 11. a3 Rc8 12. cxd5 Nxd5 13. 0-0 Rc7 14. Re1 Qc8 15. Kh2 Rd8 16. Nbd2 Na5 17. Ne4 Bxe4 18. Rxe4 Rc2 19. Rc1 Rxc1 20. Qxc1 Nxb3 21. Qd1 Na5 22. Re2 Nc6 23. Qb3 e6 24. Ne5 Nxe5 25. dxe5 Qc7 26. f4 b6 27. a4 Bf8 28. Rc2 Qd7 29. Bf1 Bc5 30. Bb5 Qe7 31. Bc1 Qb7 32. Qf3 Qe7 33. h4 1/2-1/2

[Event "NOR-ch Seniors-A"]
[Site "Oslo"]
[Date "2015.07.07"]
[Round "5"]
[White "Thorstensen, Harald"]
[Black "Kverndal, Leif"]
[Result "0-1"]
[WhiteElo "1484"]
[BlackElo "1696"]
[PlyCount "134"]
[EventDate "2015.07.04"]
[EventType "swiss"]
[EventRounds "9"]
[EventCountry "NOR"]
[SourceTitle "EXT 2017"]
[Source "ChessBase"]
[SourceDate "2016.10.25"]
[SourceVersion "1"]
[SourceVersionDate "2016.10.25"]
[SourceQuality "1"]

1. d4 d5 2. c4 e6 3. Nc3 c6 4. e3 Nf6 5. Nf3 Nbd7 6. Be2 Be7 7. 0-0 0-0 8. Bd2 Ne4 9. Nxe4 dxe4 10. Ne1 f5 11. f3 Nf6 12. f4 Bd7 13. Bc3 b5 14. b3 b4 15. Bb2 Qb6 16. Kh1 a5 17. Rg1 Kh8 18. g4 fxg4 19. c5 Qd8 20. Bxg4 Nd5 21. Qd2 Rf6 22. Nc2 Rg6 23. Be2 Be8 24. Bc4 Bh4 25. Rg2 Qf6 26. Rag1 Rxg2 27. Qxg2 Bg6 28. Be2 a4 29. Bc4 axb3 30. Bxb3 Ra7 31. Bxd5 exd5 32. Nxb4 Bh5 33. Rf1 Bf3 34. Rxf3 exf3 35. Qxf3 Qf5 36. Qe2 Qe4+ 37. Kg1 Qg6+ 38. Kf1 Qb1+ 39. Kg2 Qg6+ 40. Kf1 Re7 41. Nd3 Qe4 42. Kg1 Qxe3+ 43. Qxe3 Rxe3 44. Ne5 Re1+ 45. Kg2 Re2+ 46. Kh3 Rxb2 47. Kxh4 Rxh2+ 48. Kg3 Rxa2 49. Nxc6 Rd2 50. f5 Kg8 51. Kf4 Re2 52. Kg5 Re4 53. f6 Kf8 54. fxg7+ Kxg7 55. Nd8 Re8 56. Nc6 Re4 57. Nd8 h6+ 58. Kf5 Kf8 59. Nc6 h5 60. Nd8 Ke7 61. Nc6+ Ke8 62. Ne5 Rxd4 63. Ke6 h4 64. Kd6 h3 65. c6 Kd8 66. c7+ Kc8 67. Nc6 Rc4 0-1

[Event "NOR-ch Seniors-A"]
[Site "Oslo"]
[Date "2015.07.06"]
[Round "4"]
[White "Kverndal, Leif"]
[Black "Synnestvedt, Jan"]
[Result "0-1"]
[WhiteElo "1696"]
[BlackElo "1867"]
[PlyCount "94"]
[EventDate "2015.07.04"]
[EventType "swiss"]
[EventRounds "9"]
[EventCountry "NOR"]
[SourceTitle "EXT 2017"]
[Source "ChessBase"]
[SourceDate "2016.10.25"]
[SourceVersion "1"]
[SourceVersionDate "2016.10.25"]
[SourceQuality "1"]

1. d4 d5 2. Nf3 Nf6 3. g3 Bf5 4. Bg2 e6 5. 0-0 c5 6. c4 Nc6 7. cxd5 Nxd5 8. Nh4 Bxb1 9. Rxb1 Nxd4 10. e4 Nf6 11. e5 Nd5 12. f4 Be7 13. Nf3 Nxf3+ 14. Rxf3 Nb4 15. Qa4+ Qd7 16. Qxd7+ Kxd7 17. a3 Nc6 18. Be3 Rhd8 19. Rc1 b6 20. Rff1 Rac8 21. Be4 Ke8 22. Rfd1 Rxd1+ 23. Rxd1 Nd4 24. Kf2 Rd8 25. h4 Nf5 26. Rxd8+ Kxd8 27. Bc1 h6 28. Bc6 Nd4 29. Be4 Kc7 30. Be3 Nf5 31. Kf3 b5 32. Bf2 a5 33. h5 Kb6 34. Ke2 a4 35. Kd3 Bd8 36. g4 Ne7 37. Bh4 Nc6 38. Bxc6 Bxh4 39. Be8 f6 40. Bf7 fxe5 41. fxe5 Bf2 42. Bxe6 Bd4 43. b3 axb3 44. Bxb3 Bxe5 45. a4 c4+ 46. Bxc4 bxc4+ 47. Kxc4 Ka5 0-1

[Event "Oslo op-B"]
[Site "Oslo"]
[Date "2014.09.28"]
[Round "4"]
[White "Enersen, Eirik S"]
[Black "Kverndal, Leif"]
[Result "0-1"]
[WhiteElo "1591"]
[BlackElo "1838"]
[PlyCount "72"]
[EventDate "2014.09.28"]
[EventType "swiss"]
[EventRounds "9"]
[EventCountry "NOR"]
[SourceTitle "EXT 2017"]
[Source "ChessBase"]
[SourceDate "2016.10.25"]
[SourceVersion "1"]
[SourceVersionDate "2016.10.25"]
[SourceQuality "1"]

1. e4 c5 2. Nf3 e6 3. c3 g6 4. d4 cxd4 5. cxd4 Bg7 6. Nc3 Ne7 7. Bf4 d5 8. Bxb8 Rxb8 9. e5 0-0 10. Bd3 a6 11. a3 Nc6 12. Be2 f6 13. exf6 Qxf6 14. 0-0 Nxd4 15. Nxd4 Qxd4 16. Qb3 b5 17. Qb4 Qb6 18. Bd3 Bd4 19. Nd1 e5 20. a4 Bg4 21. a5 Qa7 22. Qd2 Bxd1 23. Raxd1 Rf6 24. Rde1 Rbf8 25. Re2 e4 26. Bb1 e3 27. Rxe3 Bxe3 28. Qxd5+ Kg7 29. Qe5 Bd4 30. Qe2 Rxf2 31. Rxf2 Rxf2 32. Kh1 Rxe2 33. h3 Re1+ 34. Kh2 Rxb1 35. b4 Qc7+ 36. g3 Rb2+ 0-1

[Event "Oslo op-B"]
[Site "Oslo"]
[Date "2014.09.28"]
[Round "1"]
[White "Kverndal, Leif"]
[Black "Groenn, Eskil Ekeland"]
[Result "1-0"]
[WhiteElo "1838"]
[BlackElo "1389"]
[PlyCount "80"]
[EventDate "2014.09.28"]
[EventType "swiss"]
[EventRounds "9"]
[EventCountry "NOR"]
[SourceTitle "EXT 2017"]
[Source "ChessBase"]
[SourceDate "2016.10.25"]
[SourceVersion "1"]
[SourceVersionDate "2016.10.25"]
[SourceQuality "1"]

1. d4 d5 2. Nf3 Nf6 3. g3 Bf5 4. Bg2 e6 5. 0-0 c5 6. c4 dxc4 7. Ne5 Qc7 8. Qa4+ Nbd7 9. Nxc4 cxd4 10. Bf4 Qc8 11. Rc1 Qd8 12. Bxb7 Be4 13. Bxa8 Qxa8 14. Nd6+ Bxd6 15. Bxd6 Ng4 16. Qxa7 Qb7 17. Qxb7 Bxb7 18. Rc7 Ba6 19. Ra7 Bc8 20. Nd2 f6 21. Rc1 Kf7 22. Rcc7 Kg6 23. Rxd7 Bxd7 24. Rxd7 Ra8 25. a3 Rc8 26. Rc7 Rd8 27. Bb4 d3 28. exd3 Rxd3 29. Rc6 e5 30. Rd6 Rxd6 31. Bxd6 Kf7 32. Nc4 Ke6 33. Bf8 g6 34. a4 Kd5 35. Ne3+ Nxe3 36. fxe3 Ke4 37. Kf2 Kd5 38. b4 Ke4 39. b5 Kd5 40. a5 Ke6 1-0

[Event "Oslo op-B"]
[Site "Oslo"]
[Date "2014.09.28"]
[Round "5"]
[White "Kverndal, Leif"]
[Black "Risting, Eivind Olav"]
[Result "0-1"]
[WhiteElo "1838"]
[BlackElo "2032"]
[PlyCount "56"]
[EventDate "2014.09.28"]
[EventType "swiss"]
[EventRounds "9"]
[EventCountry "NOR"]
[SourceTitle "EXT 2017"]
[Source "ChessBase"]
[SourceDate "2016.10.25"]
[SourceVersion "1"]
[SourceVersionDate "2016.10.25"]
[SourceQuality "1"]

1. d4 e6 2. Nf3 f5 3. g3 Nf6 4. c4 c6 5. Bg2 d5 6. 0-0 Bd6 7. Nc3 0-0 8. Ne5 Ne4 9. f3 Nxc3 10. bxc3 Bxe5 11. dxe5 Qa5 12. Qc2 Qc5+ 13. Kh1 Qxc4 14. Rd1 c5 15. e3 Qa6 16. a4 Nc6 17. Bf1 Qa5 18. f4 Qc7 19. g4 Ne7 20. Bd3 b6 21. h4 Bb7 22. Kh2 Kh8 23. Rg1 Ng6 24. h5 Nxe5 25. fxe5 Qxe5+ 26. Rg3 fxg4 27. Qg2 Rf3 28. Kg1 Rxg3 0-1

[Event "Oslo Vederhus Memorial op B"]
[Site "Oslo"]
[Date "2013.09.29"]
[Round "3"]
[White "Kverndal, Leif"]
[Black "Dulman, Egmond Gabriel"]
[Result "0-1"]
[WhiteElo "1851"]
[BlackElo "2077"]
[PlyCount "60"]
[EventDate "2013.09.29"]
[EventType "swiss"]
[EventRounds "9"]
[EventCountry "NOR"]
[SourceTitle "EXT 2024"]
[Source "ChessBase"]
[SourceDate "2023.10.10"]
[SourceVersion "1"]
[SourceVersionDate "2023.10.10"]
[SourceQuality "1"]

1. d4 Nf6 2. Nf3 g6 3. g3 Bg7 4. c4 d5 5. Bg2 0-0 6. cxd5 Nxd5 7. e4 Nb6 8. h3 c5 9. d5 e6 10. Nc3 exd5 11. Nxd5 Re8 12. 0-0 Rxe4 13. Nc3 Re8 14. Be3 Nc4 15. Qxd8 Rxd8 16. Bxc5 Nxb2 17. Nb5 Nc6 18. Nc7 Rb8 19. Ng5 Nd3 20. Ba3 Bxa1 21. Rxa1 h6 22. Ne4 f5 23. Nd6 Ncb4 24. Bxb4 Nxb4 25. Rd1 b5 26. a3 Rb6 27. Ncxb5 Rxb5 28. axb4 Rxb4 29. Bd5+ Kf8 30. Nf7 Rxd5 0-1

[Event "Oslo Vederhus Memorial op B"]
[Site "Oslo"]
[Date "2013.09.29"]
[Round "8"]
[White "Machlik, Jon"]
[Black "Kverndal, Leif"]
[Result "1-0"]
[WhiteElo "1816"]
[BlackElo "1851"]
[PlyCount "55"]
[EventDate "2013.09.29"]
[EventType "swiss"]
[EventRounds "9"]
[EventCountry "NOR"]
[SourceTitle "EXT 2024"]
[Source "ChessBase"]
[SourceDate "2023.10.10"]
[SourceVersion "1"]
[SourceVersionDate "2023.10.10"]
[SourceQuality "1"]

1. e4 c5 2. Nf3 e6 3. d4 cxd4 4. Nxd4 Bc5 5. Nb3 Bb6 6. Nc3 Ne7 7. e5 Nbc6 8. f4 Nf5 9. Ne4 0-0 10. Bd3 d5 11. exd6 g6 12. Bb5 Bd7 13. Bd2 Ne3 14. Bxe3 Bxe3 15. Qf3 Bb6 16. 0-0-0 a6 17. Bd3 Nb4 18. a3 Nxd3+ 19. Rxd3 Rc8 20. g4 Rc4 21. g5 Bc6 22. Nbd2 Rd4 23. h4 Rxd3 24. Qxd3 f5 25. gxf6 Qd7 26. h5 e5 27. hxg6 hxg6 28. Qb3+ 1-0

[Event "Oslo Vederhus Memorial op B"]
[Site "Oslo"]
[Date "2013.09.29"]
[Round "2"]
[White "Moberg, Jan Rune"]
[Black "Kverndal, Leif"]
[Result "0-1"]
[WhiteElo "1714"]
[BlackElo "1851"]
[PlyCount "62"]
[EventDate "2013.09.29"]
[EventType "swiss"]
[EventRounds "9"]
[EventCountry "NOR"]
[SourceTitle "EXT 2024"]
[Source "ChessBase"]
[SourceDate "2023.10.10"]
[SourceVersion "1"]
[SourceVersionDate "2023.10.10"]
[SourceQuality "1"]

1. d4 Nf6 2. c4 e5 3. dxe5 Ng4 4. Nf3 d6 5. h3 Nxe5 6. Nxe5 dxe5 7. Qxd8+ Kxd8 8. e3 b6 9. Be2 Bb7 10. 0-0 f5 11. Nc3 Bd6 12. a3 a5 13. b3 Ke7 14. Bb2 Nd7 15. Nb5 Nc5 16. Nxd6 cxd6 17. b4 Nb3 18. c5 Nxa1 19. cxd6+ Kxd6 20. Rd1+ Ke7 21. Rxa1 axb4 22. axb4 Rxa1+ 23. Bxa1 Kd6 24. f4 exf4 25. exf4 Rg8 26. Be5+ Ke6 27. g4 g6 28. Kf2 Be4 29. Ke3 Kd5 30. Ba6 Kc6 31. Bf6 b5 0-1

[Event "EU-chT Seniors 15th"]
[Site "Dresden"]
[Date "2013.07.27"]
[Round "8"]
[White "Tveten, Per"]
[Black "Kverndal, Leif"]
[Result "0-1"]
[WhiteElo "1593"]
[BlackElo "1843"]
[PlyCount "106"]
[EventDate "2013.07.20"]
[EventType "team-swiss"]
[EventRounds "9"]
[EventCountry "GER"]
[SourceTitle "CBM 155 Extra"]
[Source "ChessBase"]
[SourceDate "2013.08.26"]
[SourceVersion "1"]
[SourceVersionDate "2013.08.26"]
[SourceQuality "1"]
[WhiteTeam "Norway IV"]
[BlackTeam "Norway III"]
[WhiteTeamCountry "NOR"]
[BlackTeamCountry "NOR"]

1. e4 c5 2. c4 Nc6 3. Nc3 g6 4. Nf3 Bg7 5. d3 d6 6. Be2 Bg4 7. h3 Bxf3 8. Bxf3 e6 9. 0-0 Nge7 10. Rb1 0-0 11. Be3 a6 12. Qd2 Nd4 13. Bd1 Nec6 14. f4 b5 15. b3 Rb8 16. Ne2 Nxe2+ 17. Bxe2 Bd4 18. Kh1 Bxe3 19. Qxe3 b4 20. Qg3 Nd4 21. Bd1 Kh8 22. Rb2 Rb7 23. h4 Rg8 24. Qh3 h5 25. g4 hxg4 26. Qxg4 f5 27. Qg5 Qxg5 28. hxg5 Rh7+ 29. Rh2 Rxh2+ 30. Kxh2 Kg7 31. Kg3 Rh8 32. Kg2 Kf7 33. Rh1 Rxh1 34. Kxh1 e5 35. exf5 gxf5 36. Bh5+ Kg7 37. fxe5 dxe5 38. Be8 Nf3 39. Bd7 Kg6 40. Bc8 Ne1 41. Kg1 Nxd3 42. Kf1 Nc1 43. Ke1 Nxa2 44. Kd2 Kxg5 45. Bb7 a5 46. Bh1 Kf4 47. Bc6 e4 48. Be8 Ke5 49. Bh5 f4 50. Bg4 Kd4 51. Bd1 e3+ 52. Ke1 Nc3 53. Bf3 Ne4 0-1

[Event "EU-chT Seniors 15th"]
[Site "Dresden"]
[Date "2013.07.24"]
[Round "5"]
[White "Scholze, Roland"]
[Black "Kverndal, Leif"]
[Result "1/2-1/2"]
[WhiteElo "1956"]
[BlackElo "1843"]
[PlyCount "87"]
[EventDate "2013.07.20"]
[EventType "team-swiss"]
[EventRounds "9"]
[EventCountry "GER"]
[SourceTitle "CBM 155 Extra"]
[Source "ChessBase"]
[SourceDate "2013.08.26"]
[SourceVersion "1"]
[SourceVersionDate "2013.08.26"]
[SourceQuality "1"]
[WhiteTeam "BSW/DBAG IV"]
[BlackTeam "Norway III"]
[WhiteTeamCountry "GER"]
[BlackTeamCountry "NOR"]

1. e4 c5 2. Nf3 e6 3. c3 g6 4. d4 cxd4 5. cxd4 Bg7 6. Nc3 Ne7 7. Be3 0-0 8. Qd2 b6 9. Bd3 Bb7 10. 0-0 d6 11. Bh6 Nbc6 12. Bxg7 Kxg7 13. Rac1 Rc8 14. Bb1 h6 15. Rfe1 Qd7 16. Rcd1 f5 17. d5 exd5 18. Nxd5 Nxd5 19. Qxd5 fxe4 20. Bxe4 Rf6 21. Qb5 Re6 22. Nd4 Re5 23. Qa4 Ra5 24. Qb3 Nxd4 25. Rxd4 Bxe4 26. Rdxe4 Re5 27. Rxe5 dxe5 28. Qe3 Qd4 29. Qa3 Rc7 30. g3 e4 31. Kg2 Rf7 32. Qc3 Qxc3 33. bxc3 Re7 34. Re3 Kf6 35. Kf1 Rc7 36. Ke2 Kf5 37. h3 h5 38. Kd2 Rc4 39. Kc2 b5 40. f3 g5 41. fxe4+ Rxe4 42. Rf3+ Kg6 43. Kd3 Ra4 44. Rf2 1/2-1/2

[Event "EU-chT Seniors 15th"]
[Site "Dresden"]
[Date "2013.07.23"]
[Round "4"]
[White "Ranki, Martti"]
[Black "Kverndal, Leif"]
[Result "1-0"]
[WhiteElo "1925"]
[BlackElo "1843"]
[PlyCount "69"]
[EventDate "2013.07.20"]
[EventType "team-swiss"]
[EventRounds "9"]
[EventCountry "GER"]
[SourceTitle "CBM 155 Extra"]
[Source "ChessBase"]
[SourceDate "2013.08.26"]
[SourceVersion "1"]
[SourceVersionDate "2013.08.26"]
[SourceQuality "1"]
[WhiteTeam "Turku"]
[BlackTeam "Norway III"]
[WhiteTeamCountry "FIN"]
[BlackTeamCountry "NOR"]

1. e4 c5 2. Nf3 e6 3. d4 cxd4 4. Nxd4 Bc5 5. Nc3 Nc6 6. Be3 Qb6 7. Ncb5 Nxd4 8. Bxd4 Bxd4 9. Qxd4 Qxd4 10. Nxd4 Ne7 11. 0-0-0 0-0 12. Nb5 f5 13. f3 d5 14. Nc7 Rb8 15. exd5 Nxd5 16. Nxd5 exd5 17. Rxd5 Be6 18. Re5 Rf6 19. b3 Kf8 20. Bd3 g6 21. Rhe1 Bf7 22. Kd2 f4 23. h4 h5 24. Re7 a5 25. a4 b6 26. Rd7 Re8 27. Rxe8+ Bxe8 28. Rc7 Rd6 29. Rc4 Rf6 30. Kc3 Ke7 31. Kd4 Kd6 32. Rc8 Bf7 33. Rb8 Kc7 34. Rf8 Kd6 35. Bc4 1-0

[Event "EU-chT Seniors 15th"]
[Site "Dresden"]
[Date "2013.07.22"]
[Round "3"]
[White "Kverndal, Leif"]
[Black "Thygesen, Else MS"]
[Result "1-0"]
[WhiteElo "1843"]
[BlackElo "2105"]
[PlyCount "23"]
[EventDate "2013.07.20"]
[EventType "team-swiss"]
[EventRounds "9"]
[EventCountry "GER"]
[SourceTitle "CBM 155 Extra"]
[Source "ChessBase"]
[SourceDate "2013.08.26"]
[SourceVersion "1"]
[SourceVersionDate "2013.08.26"]
[SourceQuality "1"]
[WhiteTeam "Norway III"]
[BlackTeam "Denmark II"]
[WhiteTeamCountry "NOR"]
[BlackTeamCountry "DEN"]

1. d4 Nf6 2. Nf3 g6 3. g3 Bg7 4. c4 d5 5. Bg2 0-0 6. cxd5 Nxd5 7. e4 Nb6 8. 0-0 Bg4 9. Be3 c5 10. e5 cxd4 11. Qxd4 Nc6 12. Qxg4 1-0

[Event "NOR-ch Seniors-A"]
[Site "Lillehammer"]
[Date "2013.06.30"]
[Round "2"]
[White "Kverndal, Leif"]
[Black "Ulrichsen, Jarl Henning"]
[Result "0-1"]
[WhiteElo "1843"]
[BlackElo "2180"]
[PlyCount "103"]
[EventDate "2013.06.29"]
[EventType "swiss"]
[EventRounds "9"]
[EventCountry "NOR"]
[SourceTitle "EXT 2014"]
[Source "ChessBase"]
[SourceDate "2013.11.20"]
[SourceVersion "1"]
[SourceVersionDate "2013.11.20"]
[SourceQuality "1"]

1. d4 Nf6 2. Nf3 e6 3. c4 b6 4. g3 Bb7 5. Bg2 Be7 6. 0-0 0-0 7. Nc3 d6 8. Re1 Ne4 9. Nxe4 Bxe4 10. d5 e5 11. Bh3 Nd7 12. Nd2 Bg6 13. e4 Bg5 14. Bf5 Nc5 15. Nb3 Bxc1 16. Rxc1 a5 17. Nxc5 bxc5 18. Qg4 Rb8 19. b3 Bxf5 20. exf5 Qf6 21. f4 Rfe8 22. fxe5 Rxe5 23. Rxe5 Qxe5 24. Qf4 f6 25. Qd2 Re8 26. Rf1 Qe3+ 27. Qxe3 Rxe3 28. Rf2 Kf7 29. Kf1 a4 30. bxa4 Ra3 31. Rb2 Ke7 32. Rb7 Kd7 33. Rb8 g6 34. Rh8 gxf5 35. Rxh7+ Kc8 36. h4 Rxg3 37. h5 Rh3 38. a5 Kb7 39. h6 Rh4 40. Rh8 Rxc4 41. h7 Rh4 42. Kg2 c4 43. Kg3 Rh5 44. Kf2 c3 45. Ke2 Rh2+ 46. Kd1 f4 47. Rf8 Rxh7 48. Rxf6 Rh5 49. Rxf4 Rxd5+ 50. Kc2 Rxa5 51. a4 Rc5 52. Rb4+ 0-1

[Event "NOR-ch Seniors-A"]
[Site "Lillehammer"]
[Date "2013.06.29"]
[Round "5"]
[White "Parr, Hugo"]
[Black "Kverndal, Leif"]
[Result "1/2-1/2"]
[WhiteElo "1552"]
[BlackElo "1702"]
[PlyCount "49"]
[EventDate "2013.06.29"]
[EventType "swiss"]
[EventRounds "9"]
[EventCountry "NOR"]
[SourceTitle "EXT 2017"]
[Source "ChessBase"]
[SourceDate "2016.10.25"]
[SourceVersion "1"]
[SourceVersionDate "2016.10.25"]
[SourceQuality "1"]

1. e4 c5 2. Nf3 e6 3. d4 cxd4 4. Nxd4 Bc5 5. Be3 Qb6 6. b3 Nc6 7. c3 Nf6 8. Qf3 Nxd4 9. cxd4 Bxd4 10. Nd2 Bxe3 11. fxe3 0-0 12. Bc4 d5 13. Bd3 dxe4 14. Nxe4 Nxe4 15. Qxe4 f5 16. Qe5 Rd8 17. 0-0-0 Rd5 18. Qf4 Qd6 19. Bc4 Qxf4 20. exf4 Rxd1+ 21. Rxd1 Kf7 22. Rd8 a6 23. a4 Ke7 24. Rg8 b5 25. axb5 1/2-1/2

[Event "NOR-ch Seniors-A"]
[Site "Lillehammer"]
[Date "2013.06.29"]
[Round "3"]
[White "Reppen, Tore"]
[Black "Kverndal, Leif"]
[Result "1/2-1/2"]
[WhiteElo "1440"]
[BlackElo "1702"]
[PlyCount "30"]
[EventDate "2013.06.29"]
[EventType "swiss"]
[EventRounds "9"]
[EventCountry "NOR"]
[SourceTitle "EXT 2017"]
[Source "ChessBase"]
[SourceDate "2016.10.25"]
[SourceVersion "1"]
[SourceVersionDate "2016.10.25"]
[SourceQuality "1"]

1. g3 d5 2. Bg2 Nf6 3. c4 e5 4. cxd5 Nxd5 5. Qb3 c6 6. Nc3 Nxc3 7. Qxc3 Qd4 8. Nf3 Qxc3 9. dxc3 Bd6 10. 0-0 0-0 11. Rd1 Bc7 12. b3 Re8 13. Ba3 e4 14. Nd4 f5 15. e3 Bb6 1/2-1/2

[Event "MVP-ch Seniors op 12th"]
[Site "Binz"]
[Date "2012.11.29"]
[Round "2"]
[White "Stuiber, Ingeborg"]
[Black "Kverndal, Leif"]
[Result "0-1"]
[WhiteElo "980"]
[BlackElo "1618"]
[PlyCount "48"]
[EventDate "2012.11.28"]
[EventType "swiss"]
[EventRounds "9"]
[EventCountry "GER"]
[SourceTitle "EXT 2014"]
[Source "ChessBase"]
[SourceDate "2013.11.20"]
[SourceVersion "1"]
[SourceVersionDate "2013.11.20"]
[SourceQuality "1"]

1. d4 d5 2. e3 Nf6 3. f4 g6 4. Nf3 Bg7 5. Be2 0-0 6. 0-0 b6 7. c3 Bb7 8. Ne5 Ne4 9. Nd2 f6 10. Nef3 Nd7 11. Bd3 e6 12. Qe2 Qe7 13. Nb3 c5 14. Kh1 c4 15. Bxe4 dxe4 16. Nfd2 cxb3 17. Nxb3 Rac8 18. Bd2 a5 19. a4 Bd5 20. Qb5 Bc4 21. Qxc4 Rxc4 22. Nc1 e5 23. Ne2 exd4 24. exd4 e3 0-1

[Event "SH-ch Seniors op"]
[Site "Eckernfoerde"]
[Date "2012.10.02"]
[Round "4.24"]
[White "Aufmwasser, Guenter"]
[Black "Kverndal, Leif"]
[Result "1-0"]
[WhiteElo "1763"]
[BlackElo "1867"]
[PlyCount "55"]
[EventDate "2012.09.29"]
[EventType "swiss"]
[EventRounds "7"]
[EventCountry "GER"]
[SourceTitle "EXT 2022"]
[Source "ChessBase"]
[SourceDate "2021.10.06"]
[SourceVersion "1"]
[SourceVersionDate "2021.10.06"]
[SourceQuality "1"]

1. f4 d5 2. Nf3 g6 3. e3 c5 4. c3 Bg7 5. Bb5+ Bd7 6. Bxd7+ Nxd7 7. 0-0 Ngf6 8. Na3 0-0 9. Nc2 b5 10. b4 Ne4 11. a4 bxa4 12. Rxa4 Nb6 13. Ra1 Qc7 14. bxc5 Nxc5 15. Nce1 Ne4 16. Nd4 Rfc8 17. Nef3 Bxd4 18. Nxd4 Qd7 19. f5 gxf5 20. Nxf5 Nf6 21. Ba3 Re8 22. Qf3 Kh8 23. Nxe7 Ng8 24. Nf5 Re6 25. Bc5 h6 26. Bd4+ Kh7 27. Nh4 Re7 28. Bxb6 1-0

[Event "SH-ch Seniors op"]
[Site "Eckernfoerde"]
[Date "2012.09.30"]
[Round "2.28"]
[White "Priss, Klaus Peter"]
[Black "Kverndal, Leif"]
[Result "0-1"]
[WhiteElo "1690"]
[BlackElo "1867"]
[PlyCount "72"]
[EventDate "2012.09.29"]
[EventType "swiss"]
[EventRounds "7"]
[EventCountry "GER"]
[SourceTitle "EXT 2022"]
[Source "ChessBase"]
[SourceDate "2021.10.06"]
[SourceVersion "1"]
[SourceVersionDate "2021.10.06"]
[SourceQuality "1"]

1. e4 c5 2. Bc4 e6 3. Nc3 Nc6 4. d3 g6 5. Nf3 Bg7 6. 0-0 Nge7 7. Ng5 0-0 8. f4 d5 9. exd5 exd5 10. Bb3 Nd4 11. Kh1 b5 12. a4 Nxb3 13. cxb3 b4 14. Ne2 Nf5 15. Nf3 Re8 16. Qc2 Ba6 17. Rd1 Rc8 18. Qd2 Ne3 19. Re1 d4 20. Neg1 Bh6 21. Nh3 Qc7 22. g3 Qd7 23. Nhg1 f6 24. Re2 Qf5 25. Ne1 g5 26. fxg5 Bb7+ 27. Ng2 Bxg5 28. Rf2 Bxg2+ 29. Rxg2 Qd5 30. Qf2 Qxg2+ 31. Qxg2 Nxg2 32. Kxg2 Re1 33. Bxg5 Rxa1 34. Bxf6 Rb1 35. Nf3 Rxb2+ 36. Kh3 Rf8 0-1

[Event "EU-chT Seniors"]
[Site "Rogaska Slatina"]
[Date "2012.04.01"]
[Round "6.21"]
[White "Fritsch, Juergen"]
[Black "Kverndal, Leif"]
[Result "1-0"]
[WhiteElo "1979"]
[BlackElo "1914"]
[PlyCount "119"]
[EventDate "2012.03.27"]
[EventType "team-swiss"]
[EventRounds "9"]
[EventCountry "SLO"]
[SourceTitle "CBM 147 Extra"]
[Source "ChessBase"]
[SourceDate "2012.04.24"]
[SourceVersion "1"]
[SourceVersionDate "2012.04.24"]
[SourceQuality "1"]
[WhiteTeam "Niedersachsen (Seniors)"]
[BlackTeam "Norway (Seniors) III"]
[WhiteTeamCountry "GER"]
[BlackTeamCountry "NOR"]

1. d4 d5 2. Nf3 g6 3. Bf4 Bg7 4. e3 c5 5. c3 c4 6. Nbd2 Nf6 7. Bxb8 Rxb8 8. Qa4+ Bd7 9. Qxa7 0-0 10. b4 b5 11. Qa3 Ra8 12. Qb2 Qc7 13. Ne5 Ra4 14. Nxd7 Qxd7 15. f3 Bh6 16. e4 Rfa8 17. e5 Nh5 18. Nb1 f6 19. g3 fxe5 20. dxe5 Qa7 21. a3 Be3 22. Bh3 d4 23. Be6+ Kf8 24. Bd5 Rd8 25. Be4 d3 26. Nd2 Ng7 27. Nf1 Ne6 28. f4 Nc7 29. Qg2 Rxa3 30. Rxa3 Qxa3 31. Nxe3 Qxc3+ 32. Qd2 Qa1+ 33. Kf2 Qd4 34. Kf3 c3 35. Qd1 Qxb4 36. Bxd3 Ne6 37. Qb1 Nd4+ 38. Kg4 Qc5 39. Nc2 h5+ 40. Kh3 Qc8+ 41. f5 Nxf5 42. Be2 Ne3+ 43. Kh4 Ng2+ 44. Kg5 Kg7 45. Nb4 c2 46. Qxc2 Qxc2 47. Nxc2 Rd2 48. Bxh5 gxh5 49. Nb4 Ne3 50. Kxh5 Kf7 51. h4 Ke6 52. Re1 Nc4 53. Nc6 Kd7 54. Nb4 Ke6 55. g4 Nxe5 56. Nc6 Rd5 57. g5 Kd6 58. Nxe5 Rxe5 59. Rxe5 Kxe5 60. g6 1-0

[Event "Stjernen CC-ch"]
[Site "Oslo"]
[Date "2010.05.04"]
[Round "9"]
[White "Erikstad, Olav Age"]
[Black "Kverndal, Leif"]
[Result "1-0"]
[WhiteElo "1621"]
[BlackElo "1876"]
[PlyCount "109"]
[EventDate "2010.02.02"]
[EventType "swiss"]
[EventRounds "9"]
[EventCountry "NOR"]
[SourceTitle "EXT 2024"]
[Source "ChessBase"]
[SourceDate "2023.10.10"]
[SourceVersion "1"]
[SourceVersionDate "2023.10.10"]
[SourceQuality "1"]

1. e4 c5 2. c4 Nc6 3. Nc3 g6 4. d3 Bg7 5. Be3 b6 6. g3 Bb7 7. Bg2 e6 8. Rb1 Nge7 9. Nb5 d6 10. f4 a6 11. Nc3 0-0 12. Nf3 d5 13. Bd2 d4 14. Ne2 b5 15. b3 b4 16. g4 f5 17. exf5 exf5 18. g5 a5 19. h4 a4 20. h5 axb3 21. axb3 Qc7 22. hxg6 Nxg6 23. Nh4 Nxh4 24. Bd5+ Kh8 25. Rxh4 Ne7 26. Bxb7 Qxb7 27. Kf2 Ng6 28. Rh2 Ra2 29. Nc1 Ra6 30. Qh5 Kg8 31. Qxh7+ Kf7 32. Qh3 Rh8 33. Qg2 Qxg2+ 34. Kxg2 Re8 35. Kf3 Rae6 36. Ra1 Kg8 37. Ra5 Bf8 38. Re2 Bd6 39. Rxe6 Rxe6 40. Ne2 Re7 41. Ng3 Nh4+ 42. Kf2 Rh7 43. Ra6 Bc7 44. Ra8+ Kf7 45. Ra6 Ng6 46. Nxf5 Rh2+ 47. Ke1 Bxf4 48. Rf6+ Ke8 49. Bxf4 Nxf4 50. Ng7+ Kd7 51. Rxf4 Rb2 52. g6 Rg2 53. Rf6 Ke7 54. Nh5 Rg5 55. g7 1-0